00405nam a22001337a 450000500170000000800410001702000180005805000090007610000250008524500650011025000120017526000560018730000280024320250319170639.0250319b |||||||| |||| 00| 0 eng d a9788122415063 aHD31 aM. Sakthivel Murugan aManagement Principles and Practices /cM. Sakthivel Murugan  a1st ed. aDelhibNew Age International P Limitedcc2004, 2006 axi, 479 pgsbill.c24cm